banner-ar

حقا حقا (Record no. 60252)

MARC details
000 -الفاتح
حقل البيانات ثابتة الطول 00944nam a22002537a 4500
005 - وقت وتاريخ اخر تعامل مع التسجيلة
رقم الضبط 20240530110400.0
008 - عناصر البيانات ثابتة الطول - معلومات عامة
حقل البيانات ثابتة الطول 150120s2009 ua o a 000 j ara d
017 ## - رقم الايداع القانونى
رقم الايداع القانونى 2009/1639
المصدر ( الهيئة المختصة) مصر . دار الكتب المصرية
020 ## - الرقم الدولى المعيارى للكتب
الرقم الدولى المعيارى للكتاب 9773043509
040 ## - مصدر الفهرسة
وكالة الفهرسة الأصلية EG-CaGPL
041 1# - رمز اللغة
رمز لغة النص/ المسارات الصوتية أو العنوان الانفرادي ara
رمز لغة الترجمات و/او الاصلية المتوسطة للنص eng
082 04 - رقم تصنيف ديوى العشرى
رقم الطبعة 21
رقم التصنيف 823.02
رقم المادة ط/ ج د
100 1# - المدخل الرئيسى - إسم شخصى
الإسم الشخصى جراى ، ك.
245 10 - بيان العنوان
العنوان حقا حقا
بيان المسئوليه,etc تاليف ك. جراى ؛ رسوم ن. شارات ؛ ترجمة رانية حسين امين
260 ## - PUBLICATION, DISTRIBUTION, ETC. (IMPRINT)
تاريخ النشر أو التوزيع 2009
300 ## - الوصف المادى
التعداد بدون ترقيم :
تفاصيل ماديه اخرى للوعاء صور لو ؛
أبعاد الوعاء 19 سم
650 04 - المدخل الاضافى بالموضوع-مصطلح موضوعى
مصطلح موضوعي كتب الاطفال
650 04 - المدخل الاضافى بالموضوع-مصطلح موضوعى
مصطلح موضوعي قصص الاطفال
650 04 - المدخل الاضافى بالموضوع-مصطلح موضوعى
مصطلح موضوعي ثقافة الاطفال
700 1# - المدخل الاضافى - اسم شخصى
الإسم الشخصى شارات ، ن.
الدور رسام
700 0# - المدخل الاضافى - اسم شخصى
الإسم الشخصى رانية حسين امين
الدور مترجم
942 ## - عناصر المدخل الإضافي( كوها)
مصدر التصنيف او مخطط الترفيف Dewey Decimal Classification
Koha [default] item type كتاب
260 ## - PUBLICATION, DISTRIBUTION, ETC. (IMPRINT)
-- القاهرة :
-- دار الياس العصرية للطباعة و النشر ،
Holdings
حالة التراجع حالة الفقد حالة تلف ليس للاعارة المكان المؤقت الموقع الحالى تاريخ الاكتساب اجمالي اﻻعارات رقم الطلب الباركود تاريخ اخر مشاهدة تاريخ تفعيل السعر نوع وعاء كوها
        مكتبة القاهرة الكبرى مكتبة القاهرة الكبرى 01/20/2015   823.02 ط/ ج د 159259 01/20/2015 01/20/2015 كتاب

Powered By

EGPV